000 00779nam a2200229Ia 4500
001 L239-11462
003 IT-CnALBA
008 170116s9999||||xx |||||||||||||| ||und||
040 _aIT-CnALBA
_cIT-CnALBA
041 _aITALIANO
100 _aSENZA AUTORE
245 0 _aLETTERA DAL MONDO DI LA'.
250 _a1a ed.
260 _aRIMINI
_bNANNI. ARTI GRAFICHE
_c1952 [1° Ed.:1952 - Ed.Ling.Originale: 1952]
300 _a39 p. (prefazione: 4)
500 _aDOPPIONE. CONFRONTA DOCUMENTO 11461. GRAZIE.
501 _aSocietà San Paolo EM - Piazza San Paolo, 14 - 12051 ALBA (CN) (non commercial uses only) ® Copyright 2017
520 _aDOPPIONE. CONFRONTA DOCUMENTO 11461. GRAZIE.
650 _aAPOLOGETICA E CONTROVERSIE
942 _cBK
957 _71
999 _a16215
_bNO
_g Copie: 1
_c270639
_d270639